THE CLASH OF CIVILIZATIONS AND THE REMAKING OF WORLD ORDER (Record no. 15186)
[ view plain ]
| 000 -LEADER | |
|---|---|
| fixed length control field | 00333nam a22001337a 4500 |
| 008 - FIXED-LENGTH DATA ELEMENTS--GENERAL INFORMATION | |
| fixed length control field | 170601b xxu||||| |||| 00| 0 eng d |
| 020 ## - INTERNATIONAL STANDARD BOOK NUMBER | |
| International Standard Book Number | 2900684844410 |
| 041 ## - LANGUAGE CODE | |
| Language code of text/sound track or separate title | eng |
| 080 ## - UNIVERSAL DECIMAL CLASSIFICATION NUMBER | |
| Universal Decimal Classification number | 94(100) |
| 100 ## - Rafti | |
| Rafti | 17 |
| 101 ## - Shkurtesa | |
| Shkurtesa | SHH |
| 245 ## - TITLE STATEMENT | |
| Title | THE CLASH OF CIVILIZATIONS AND THE REMAKING OF WORLD ORDER |
| Statement of responsibility, etc | BESTSELLER, |
| 942 ## - ADDED ENTRY ELEMENTS (KOHA) | |
| Source of classification or shelving scheme | |
| Item type | Books |
No items available.